Философия и методология науки: учебное пособие; Ч. 1; Образ науки; Возникновение науки; "Большая наука"; Общество и научно-технический прогресс; Влияние науки на религиозное восприятие мира; Наука и философия; Структура научного знания; Функции научного исследования; Традиции и новации в развитии науки; Научные революции; Природа фундаментальных открытий; Редукционизм: возможности и границы; Идеалы научности
| Idioma: | rus |
|---|---|
| Publicat: |
Москва, SvR-Аргус, 1994
|
| TOC: | С. В. Девятова, Н. И. Купцов, Образ науки; Н. И. Кузнецова, Возникновение науки; С. В. Девятова, Н. И. Купцов, "Большая наука"; С. В. Девятова, Н. И. Купцов, Общество и научно-технический прогресс; С. В. Девятова, Влияние науки на религиозное восприятие мира; С. В. Девятова, Н. И. Купцов, Наука и философия; С. В. Девятова, Н. И. Купцов, Структура научного знания; А. Г. Никитина, Е. П. Никитин, Функции научного исследования; М. А. Розов, Традиции и новации в развитии науки; М. А. Розов, Научные революции; В. И. Купцов, Природа фундаментальных открытий; В. И. Купцов, Редукционизм: возможности и границы; А. В. Кезин, Идеалы научности; |
| Matèries: | |
| Format: | MixedMaterials Llibre |
| KOHA link: | https://koha.lib.tpu.ru/cgi-bin/koha/opac-detail.pl?biblionumber=18790 |
MARC
| LEADER | 00000nam0a2200000 4500 | ||
|---|---|---|---|
| 001 | 18790 | ||
| 005 | 20231101205230.0 | ||
| 010 | |a 5869490103 | ||
| 035 | |a (RuTPU)RU\TPU\book\18944 | ||
| 035 | |a BOOK00019013 | ||
| 090 | |a 18790 | ||
| 100 | |a 20011209d1994 km y0rusy50 ca | ||
| 101 | 0 | |a rus | |
| 102 | |a RU | ||
| 105 | |a y j 000zy | ||
| 200 | 1 | |a Философия и методология науки |h Ч. 1 |e учебное пособие | |
| 210 | |a Москва |c SvR-Аргус |d 1994 | ||
| 215 | |a 303 с. | ||
| 464 | |t Образ науки |f С. В. Девятова, Н. И. Купцов | ||
| 464 | |t Возникновение науки |f Н. И. Кузнецова | ||
| 464 | |t "Большая наука" |f С. В. Девятова, Н. И. Купцов | ||
| 464 | |t Общество и научно-технический прогресс |f С. В. Девятова, Н. И. Купцов | ||
| 464 | |t Влияние науки на религиозное восприятие мира |f С. В. Девятова | ||
| 464 | |t Наука и философия |f С. В. Девятова, Н. И. Купцов | ||
| 464 | |t Структура научного знания |f С. В. Девятова, Н. И. Купцов | ||
| 464 | |t Функции научного исследования |f А. Г. Никитина, Е. П. Никитин | ||
| 464 | |t Традиции и новации в развитии науки |f М. А. Розов | ||
| 464 | |t Научные революции |f М. А. Розов | ||
| 464 | |t Природа фундаментальных открытий |f В. И. Купцов | ||
| 464 | |t Редукционизм: возможности и границы |f В. И. Купцов | ||
| 464 | |t Идеалы научности |f А. В. Кезин | ||
| 606 | 1 | |a Философия науки |2 stltpush |3 (RuTPU)RU\TPU\subj\63888 |9 80820 | |
| 610 | 1 | |a наука | |
| 610 | 1 | |a философия | |
| 610 | 1 | |a методология | |
| 610 | 1 | |a научно-технический прогресс | |
| 610 | 1 | |a религиозное восприятие | |
| 610 | 1 | |a научные знания | |
| 610 | 1 | |a научные исследования | |
| 610 | 1 | |a новации | |
| 610 | 1 | |a научные революции | |
| 610 | 1 | |a фундаментальные открытия | |
| 610 | 1 | |a традиции | |
| 610 | 1 | |a учебные пособия | |
| 686 | |a Ю25я73 |v LBC/SL-A |2 rubbk | ||
| 801 | 0 | |a RU |b 63413507 |c 20011209 |g PSBO | |
| 801 | 2 | |a RU |b 63413507 |c 20220526 |g PSBO | |
| 900 | |a Философия | ||
| 900 | |a История и методология науки | ||
| 942 | |c BK | ||